Alligator shoes / by Arthur Dorros.
Available copies
- 2 of 2 copies available at LARL/NWRL Consortium.
Current holds
0 current holds with 2 total copies.
Show Only Available Copies
| Location | Call Number / Copy Notes | Barcode | Shelving Location | Status | Due Date |
|---|---|---|---|---|---|
| Godel Memorial-Warren Library | Guided Reading G-19 (Text) | 35500001933199 | Main | Available | - |
| Red Lake Falls Public Library | Guided Reading G-4 (Text) | 35500001904737 | Main | Available | - |
Record details
- ISBN: 0140547347 (pbk.)
- Physical Description: 1 v. (unpaged) : chiefly ill. ; 20 cm.
- Edition: 1st Unicorn ed.
- Publisher: New York : Puffin Books, 1988, c1982.
Content descriptions
| Summary, etc.: | An alligator with an interest in footwear spends ... Read More |
Search for related items by subject
| Subject: | Alligators > Fiction. |
Search for related items by series
| LDR | 01128cam a2200253 4500 | ||
|---|---|---|---|
| 001 | 42426 | ||
| 003 | LARL_NWRL_CONSORTIUM | ||
| 008 | 820225s19881982nyua j 000 1 eng d | ||
| 020 | . | ‡a0140547347 (pbk.) | |
| 035 | . | ‡a(OCoLC)28741701 | |
| 092 | . | ‡ae DOR | |
| 100 | 1 | . | ‡aDorros, Arthur. ‡0(LARL_NWRL_CONSORTIUM)67344 |
| 245 | 1 | 0. | ‡aAlligator shoes / ‡cby Arthur Dorros. |
| 250 | . | ‡a1st Unicorn ed. | |
| 260 | . | ‡aNew York : ‡bPuffin Books, ‡c1988, c1982. | |
| 300 | . | ‡a1 v. (unpaged) : ‡bchiefly ill. ; ‡c20 cm. | |
| 490 | 0 | . | ‡aReading rainbow ; ‡v310 |
| 490 | 0 | . | ‡aPicture Puffins |
| 520 | . | ‡aAn alligator with an interest in footwear spends the night locked in a shoe store trying on the merchandise. | |
| 650 | 1. | ‡aAlligators ‡vFiction. | |
| 901 | . | ‡a42426 ‡bOCLC ‡c42426 ‡tbiblio | |

Add to basket
Permalink
Disable Highlighting